CFB Heisman Winner Sudden Death - Statistics

General Stats
  • This quiz has been taken 1,101 times
  • The average score is 4 of 12
Answers on the Grid
Answers color-coded by a green-red scale on the quiz's grid according to % correct below.
Trevor Lawrence
Tom Brady
Tim Tebow
Adrian Peterson
Bo Jackson
Barry Sanders
C.J Stroud
Patrick Mahomes
Derrick Henry
Jadeveon Clowney
Darrelle Revis
Randy Moss
Troy Aikman
Marcus Allen
Jaxon Smith-Njibga
Thurman Thomas
OJ Simpson
Joe Montana
Roger Staubach
Archie Griffin
Terry Bradshaw
Myles Garrett
Marshawn Lynch
Aaron Rodgers
Charles Woodson
Andrew Luck
Drew Brees
Ricky Williams
Peyton Manning
Carson Palmer
Johnny Manzeil
Deion Sanders
 
Answer Stats
Answer % Correct
Tim Tebow
85%
Derrick Henry
65%
Johnny Manzeil
45%
Barry Sanders
44%
Bo Jackson
42%
OJ Simpson
34%
Charles Woodson
30%
Archie Griffin
27%
Ricky Williams
20%
Marcus Allen
17%
Carson Palmer
15%
Roger Staubach
13%
No matching quizzes found
Score Distribution
Percent of People with Each Score
Percentile by Number Answered
Your Score History
You have not taken this quiz